[Event "ESTCC 65 2019"]
[Site "Mali Losinj"]
[Date "2019.09.22"]
[Round "5.29"]
[White "Vadlja, Stjepan"]
[Black "Grahn, Lars"]
[Result "0-1"]
[WhiteElo "1636"]
[BlackElo "2024"]
[Annotator "NA"]
[PlyCount "130"]
[EventDate "2019.09.18"]
[EventType "team-tourn"]
[EventCountry "CRO"]
[SourceTitle "playchess.com"]
[Source "ChessBase"]
[SourceQuality "1"]
[WhiteTeam "Croatia"]
[BlackTeam "Sweden"]
[WhiteTeamCountry "CRO"]
[BlackTeamCountry "SWE"]
[TimeControl "40/5400+30:1800+30"]

1. d4 {[%emt 0:00:30]} f5 {[%emt 0:00:30]} 2. c4 {[%emt 0:00:30]} Nf6 {[%emt 0:00:00]} 3. Nc3 {[%emt 0:00:00]} g6 {[%emt 0:00:00]} 4. Nf3 {[%emt 0:00:00]} Bg7 {[%emt 0:00:00]} 5. Qc2 {[%emt 0:01:30]} d6 {[%emt 0:02:00]} 6. Bg5 {[%emt 0:00:30]} O-O {[%emt 0:00:30]} 7. e3 {[%emt 0:00:30]} c6 {[%emt 0:03:30]} 8. Be2 {[%emt 0:00:30]} Qc7 {[%emt 0:01:30]} 9. Rc1 {[%emt 0:00:30]} h6 {[%emt 0:03:30]} 10. Bxf6 {[%emt 0:01:30]} Bxf6 {[%emt 0:00:30]} 11. d5 {[%emt 0:01:30]} c5 {[%emt 0:05:30]} 12. O-O {[%emt 0:02:30]} Nd7 {[%emt 0:03:30]} 13. Nd2 {[%emt 0:01:30]} Ne5 {[%emt 0:07:30]} 14. Nf3 {[%emt 0:04:30]} Bd7 {[%emt 0:02:30]} 15. Ne1 {[%emt 0:00:30]} Kg7 {[%emt 0:02:30]} 16. Nd3 {[%emt 0:00:00]} Nxc4 {[%emt 0:03:30]} 17. Nf4 {[%emt 0:00:00]} Nb6 {[%emt 0:05:30]} 18. Nb5 {[%emt 0:02:30]} Qc8 {[%emt 0:04:30]} 19. Ne6+ {[%emt 0:00:30]} Bxe6 {[%emt 0:00:30]} 20. dxe6 {[%emt 0:00:30]} a6 {[%emt 0:00:30]} 21. Nc3 {[%emt 0:00:30]} Qxe6 {[%emt 0:00:30]} 22. b3 {[%emt 0:00:00]} Qe5 {[%emt 0:02:30]} 23. Nd1 {[%emt 0:00:00]} Rac8 {[%emt 0:01:30]} 24. Bf3 {[%emt 0:00:30]} d5 {[%emt 0:01:30]} 25. Qd2 {[%emt 0:00:00]} Qd6 {[%emt 0:03:30]} 26. Nc3 {[%emt 0:00:00]} e6 {[%emt 0:04:30]} 27. g3 {[%emt 0:00:30]} c4 {[%emt 0:02:30]} 28. Ne2 {[%emt 0:00:30]} cxb3 {[%emt 0:02:30]} 29. axb3 {[%emt 0:00:30]} Rxc1 {[%emt 0:02:30]} 30. Rxc1 {[%emt 0:00:30]} Rc8 {[%emt 0:00:30]} 31. Rd1 {[%emt 0:00:30]} g5 {[%emt 0:04:30]} 32. g4 {[%emt 0:01:30]} fxg4 {[%emt 0:08:30]} 33. Bxg4 {[%emt 0:00:00]} Nd7 {[%emt 0:01:30]} 34. Ng3 {[%emt 0:00:00]} Ne5 {[%emt 0:02:51]} 35. Be2 {[%emt 0:00:30]} Qc5 {[%emt 0:01:49]} 36. Kg2 {[%emt 0:00:30]} Qc3 {[%emt 0:01:40]} 37. Qa2 {[%emt 0:00:30]} Nc6 {[%emt 0:04:09]} 38. Qb1 {[%emt 0:00:30]} Ne7 {[%emt 0:04:02]} 39. Bg4 {[%emt 0:01:30]} Rc6 {[%emt 0:03:35]} 40. Nh5+ {[%emt 0:01:30]} Kh8 {[%emt 0:01:13]} 41. Rd3 {[%emt 0:33:30]} Qa1 {[%emt 0:33:55]} 42. Qxa1 {[%emt 0:01:30]} Bxa1 {[%emt 0:00:12]} 43. f4 {[%emt 0:00:00]} Ng6 {[%emt 0:00:00]} 44. Rd1 {[%emt 0:00:00]} Bb2 {[%emt 0:00:00]} 45. Rd2 {[%emt 0:00:00]} Bc1 {[%emt 0:00:00]} 46. Rd3 {[%emt 0:00:00]} gxf4 {[%emt 0:00:00]} 47. exf4 {[%emt 0:00:00]} Nxf4+ {[%emt 0:00:00]} 48. Nxf4 {[%emt 0:00:00]} Bxf4 {[%emt 0:00:00]} 49. h3 {[%emt 0:00:00]} Kg7 {[%emt 0:00:00]} 50. Kf3 {[%emt 0:00:00]} Bg5 {[%emt 0:00:00]} 51. Bh5 {[%emt 0:00:00]} Kf6 {[%emt 0:00:00]} 52. Be8 {[%emt 0:00:00]} Rc1 {[%emt 0:00:00]} 53. Kg4 {[%emt 0:00:00]} Ke5 {[%emt 0:00:00]} 54. Rf3 {[%emt 0:00:00]} Rg1+ {[%emt 0:00:00]} 55. Kh5 {[%emt 0:00:00]} Bf4 {[%emt 0:00:00]} 56. Bd7 {[%emt 0:00:00]} Ke4 {[%emt 0:00:00]} 57. Rxf4+ {[%emt 0:00:00]} Kxf4 {[%emt 0:00:00]} 58. Bxe6 {[%emt 0:00:00]} d4 {[%emt 0:00:00]} 59. Bc4 {[%emt 0:00:00]} Rg3 {[%emt 0:00:54]} 60. h4 {[%emt 0:00:00]} d3 {[%emt 0:00:28]} 61. Kxh6 {[%emt 0:00:00]} d2 {[%emt 0:00:28]} 62. Be2 {[%emt 0:00:00]} Rg1 {[%emt 0:00:50]} 63. h5 {[%emt 0:00:00]} d1=Q {[%emt 0:00:19]} 64. Bxd1 {[%emt 0:00:00]} Rxd1 {[%emt 0:00:07]} 65. Kg6 {[%emt 0:00:00]} Rb1 {[%emt 0:01:02]} 0-1

[Event "ESTCC 65 2019"]
[Site "Mali Losinj"]
[Date "2019.09.22"]
[Round "5.31"]
[White "Novak, Stjepan"]
[Black "Bernhardsson, Sten"]
[Result "0-1"]
[WhiteElo "1503"]
[BlackElo "1956"]
[Annotator "NA"]
[PlyCount "26"]
[EventDate "2019.09.18"]
[EventType "team-tourn"]
[EventCountry "CRO"]
[SourceTitle "playchess.com"]
[Source "ChessBase"]
[SourceQuality "1"]
[WhiteTeam "Croatia"]
[BlackTeam "Sweden"]
[WhiteTeamCountry "CRO"]
[BlackTeamCountry "SWE"]
[TimeControl "40/5400+30:1800+30"]

1. e4 {[%emt 0:00:30]} c5 {[%emt 0:00:30]} 2. Nf3 {[%emt 0:00:30]} e6 {[%emt 0:00:00]} 3. Be2 {[%emt 0:00:30]} Nc6 {[%emt 0:00:00]} 4. b3 {[%emt 0:00:30]} d6 {[%emt 0:02:30]} 5. Bb5 {[%emt 0:01:30]} Bd7 {[%emt 0:02:30]} 6. O-O {[%emt 0:01:30]} Nf6 {[%emt 0:00:30]} 7. Bxc6 {[%emt 0:00:30]} Bxc6 {[%emt 0:00:30]} 8. e5 {[%emt 0:00:30]} dxe5 {[%emt 0:11:30]} 9. Nxe5 {[%emt 0:00:30]} Qd4 {[%emt 0:00:30]} 10. Nxc6 {[%emt 0:01:30]} Qxa1 {[%emt 0:01:30]} 11. Qf3 {[%emt 0:01:30]} Qxb1 {[%emt 0:03:30]} 12. d4 {[%emt 0:01:30]} Qxc2 {[%emt 0:00:30]} 13. Ne5 {[%emt 0:05:30]} Qe4 {[%emt 0:00:30]} 0-1

[Event "ESTCC 65 2019"]
[Site "Mali Losinj"]
[Date "2019.09.22"]
[Round "5.32"]
[White "Nordenstrom, Sven"]
[Black "Petanjek, Zvonko"]
[Result "1-0"]
[WhiteElo "1874"]
[BlackElo "1650"]
[Annotator "NA"]
[PlyCount "33"]
[EventDate "2019.09.18"]
[EventType "team-tourn"]
[EventCountry "CRO"]
[SourceTitle "playchess.com"]
[Source "ChessBase"]
[SourceQuality "1"]
[WhiteTeam "Sweden"]
[BlackTeam "Croatia"]
[WhiteTeamCountry "SWE"]
[BlackTeamCountry "CRO"]
[TimeControl "40/5400+30:1800+30"]

1. Nf3 {[%emt 0:00:30]} Nc6 {[%emt 0:00:30]} 2. d4 {[%emt 0:00:30]} d5 {[%emt 0:00:30]} 3. Bf4 {[%emt 0:00:30]} Nf6 {[%emt 0:00:30]} 4. e3 {[%emt 0:00:30]} a6 {[%emt 0:00:30]} 5. h3 {[%emt 0:01:30]} h6 {[%emt 0:00:00]} 6. c3 {[%emt 0:01:30]} Bf5 {[%emt 0:00:00]} 7. Bd3 {[%emt 0:00:30]} Be4 {[%emt 0:00:30]} 8. Qe2 {[%emt 0:00:30]} b5 {[%emt 0:00:30]} 9. O-O {[%emt 0:01:30]} e6 {[%emt 0:00:30]} 10. a4 {[%emt 0:04:30]} b4 {[%emt 0:04:30]} 11. Bxa6 {[%emt 0:00:30]} Bxf3 {[%emt 0:00:30]} 12. gxf3 {[%emt 0:00:30]} Nb8 {[%emt 0:01:30]} 13. Bd3 {[%emt 0:00:30]} Bd6 {[%emt 0:02:30]} 14. Bg3 {[%emt 0:00:30]} Qd7 {[%emt 0:02:30]} 15. Kg2 {[%emt 0:03:30]} Rxa4 {[%emt 0:00:30]} 16. Rxa4 {[%emt 0:00:00]} Qxa4 {[%emt 0:00:30]} 17. Bb5+ {[%emt 0:00:00]} 1-0

[Event "ESTCC 65 2019"]
[Site "Mali Losinj"]
[Date "2019.09.23"]
[Round "6.1"]
[White "Balashov, Yuri S"]
[Black "Beilfuss, Wilfried"]
[Result "1-0"]
[WhiteElo "2466"]
[BlackElo "2192"]
[Annotator "ChessBase"]
[PlyCount "43"]
[EventDate "2019.09.18"]
[EventType "team-tourn"]
[EventCountry "CRO"]
[SourceTitle "playchess.com"]
[Source "ChessBase"]
[SourceQuality "1"]
[WhiteTeam "Russia"]
[BlackTeam "Germany"]
[WhiteTeamCountry "RUS"]
[BlackTeamCountry "GER"]
[TimeControl "40/5400+30:1800+30"]

1. e4 {[%emt 0:00:30]} c5 {[%emt 0:00:30]} 2. Nf3 {[%emt 0:00:00]} Nc6 {[%emt 0:00:30]} 3. Nc3 {[%emt 0:00:00]} e6 {[%emt 0:00:30]} 4. d4 {[%emt 0:00:30]} cxd4 {[%emt 0:00:00]} 5. Nxd4 {[%emt 0:00:30]} Qc7 {[%emt 0:00:00]} 6. Be3 {[%emt 0:00:30]} a6 {[%emt 0:00:30]} 7. a3 {[%emt 0:02:30]} Nf6 {[%emt 0:00:30]} 8. Be2 {[%emt 0:09:30]} Be7 {[%emt 0:00:30]} 9. f4 {[%emt 0:00:30]} d6 {[%emt 0:00:30]} 10. O-O {[%emt 0:00:30]} O-O {[%emt 0:01:30]} 11. Kh1 {[%emt 0:00:30]} Bd7 {[%emt 0:09:30]} 12. Qe1 {[%emt 0:01:30]} Rac8 {[%emt 0:03:30]} 13. Qg3 {[%emt 0:04:30]} Kh8 {[%emt 0:05:30]} 14. Bd3 {[%emt 0:10:30]} e5 {[%emt 0:04:30]} 15. fxe5 {[%emt 0:02:30]} Nxe5 {[%emt 0:04:30]} 16. Nf5 {[%emt 0:00:30]} Bxf5 {[%emt 0:01:30]} 17. Rxf5 {[%emt 0:00:30]} g6 {[%emt 0:05:30]} 18. Rxf6 {[%emt 0:04:30]} Bxf6 {[%emt 0:00:30]} 19. Nd5 {[%emt 0:00:30]} Qd8 {[%emt 0:00:30]} 20. Bb6 {[%emt 0:00:30]} Qd7 {[%emt 0:12:30]} 21. Nxf6 {[%emt 0:00:30]} Qe6 {[%emt 0:00:30]} 22. Rf1 {[%emt 0:01:30]} 1-0

[Event "ESTCC 65 2019"]
[Site "Mali Losinj"]
[Date "2019.09.23"]
[Round "6.2"]
[White "Becker, Norbert"]
[Black "Kalegin, Evgenij"]
[Result "0-1"]
[WhiteElo "2131"]
[BlackElo "2435"]
[Annotator "ChessBase"]
[PlyCount "140"]
[EventDate "2019.09.18"]
[EventType "team-tourn"]
[EventCountry "CRO"]
[SourceTitle "playchess.com"]
[Source "ChessBase"]
[SourceQuality "1"]
[WhiteTeam "Germany"]
[BlackTeam "Russia"]
[WhiteTeamCountry "GER"]
[BlackTeamCountry "RUS"]
[TimeControl "40/5400+30:1800+30"]

1. d4 {[%emt 0:00:30]} Nf6 {[%emt 0:00:30]} 2. Nf3 {[%emt 0:00:30]} g6 {[%emt 0:00:00]} 3. Bf4 {[%emt 0:00:30]} Bg7 {[%emt 0:00:00]} 4. e3 {[%emt 0:00:30]} O-O {[%emt 0:02:30]} 5. h3 {[%emt 0:02:30]} c5 {[%emt 0:04:30]} 6. c3 {[%emt 0:00:30]} b6 {[%emt 0:00:30]} 7. Nbd2 {[%emt 0:00:30]} Bb7 {[%emt 0:00:00]} 8. Be2 {[%emt 0:02:30]} d6 {[%emt 0:00:00]} 9. O-O {[%emt 0:00:30]} Nbd7 {[%emt 0:00:30]} 10. a4 {[%emt 0:01:30]} a6 {[%emt 0:00:30]} 11. Qc2 {[%emt 0:02:30]} Qc7 {[%emt 0:00:30]} 12. Rfd1 {[%emt 0:02:30]} cxd4 {[%emt 0:05:30]} 13. exd4 {[%emt 0:00:30]} e5 {[%emt 0:00:30]} 14. dxe5 {[%emt 0:03:30]} dxe5 {[%emt 0:00:30]} 15. Bh2 {[%emt 0:00:30]} Rad8 {[%emt 0:06:30]} 16. Qb3 {[%emt 0:13:30]} Nh5 {[%emt 0:07:30]} 17. Qc4 {[%emt 0:04:30]} Qb8 {[%emt 0:01:30]} 18. Ng5 {[%emt 0:03:30]} Nf4 {[%emt 0:01:30]} 19. Bf3 {[%emt 0:05:30]} Rc8 {[%emt 0:05:30]} 20. Qf1 {[%emt 0:08:30]} Nc5 {[%emt 0:09:30]} 21. Bxf4 {[%emt 0:04:30]} exf4 {[%emt 0:00:30]} 22. Bxb7 {[%emt 0:04:30]} Qxb7 {[%emt 0:00:30]} 23. Nc4 {[%emt 0:05:30]} Qc7 {[%emt 0:07:30]} 24. Nd6 {[%emt 0:07:30]} Rcd8 {[%emt 0:01:30]} 25. Ndxf7 {[%emt 0:01:30]} Rxd1 {[%emt 0:07:30]} 26. Rxd1 {[%emt 0:00:30]} Rxf7 {[%emt 0:01:30]} 27. Qc4 {[%emt 0:02:30]} h6 {[%emt 0:02:30]} 28. Nxf7 {[%emt 0:04:51]} Qxf7 {[%emt 0:00:00]} 29. Rd8+ {[%emt 0:00:39]} Bf8 {[%emt 0:00:00]} 30. Qxf7+ {[%emt 0:07:43]} Kxf7 {[%emt 0:00:00]} 31. Ra8 {[%emt 0:00:22]} a5 {[%emt 0:04:00]} 32. b4 {[%emt 0:00:46]} Nxa4 {[%emt 0:00:30]} 33. bxa5 {[%emt 0:00:16]} bxa5 {[%emt 0:00:00]} 34. Rxa5 {[%emt 0:00:35]} Nxc3 {[%emt 0:00:00]} 35. Ra6 {[%emt 0:01:26]} Ne2+ {[%emt 0:02:30]} 36. Kf1 {[%emt 0:00:24]} Nd4 {[%emt 0:00:30]} 37. Ra4 {[%emt 0:02:42]} Bg7 {[%emt 0:00:30]} 38. Ra6 {[%emt 0:01:14]} g5 {[%emt 0:00:30]} 39. f3 {[%emt 0:06:01]} Nf5 {[%emt 0:00:30]} 40. Kg1 {[%emt 0:00:53]} Bd4+ {[%emt 0:00:00]} 41. Kh2 {[%emt 0:01:08]} Bf2 {[%emt 0:04:00]} 42. Rc6 {[%emt 0:01:30]} Ke7 {[%emt 0:00:30]} 43. Ra6 {[%emt 0:00:30]} Nd6 {[%emt 0:05:30]} 44. Ra8 {[%emt 0:02:30]} Ke6 {[%emt 0:00:30]} 45. Ra5 {[%emt 0:01:30]} Bd4 {[%emt 0:05:30]} 46. Kh1 {[%emt 0:01:30]} Bc3 {[%emt 0:05:30]} 47. Ra3 {[%emt 0:00:30]} Bb4 {[%emt 0:00:30]} 48. Ra4 {[%emt 0:01:30]} Bc5 {[%emt 0:00:30]} 49. Ra8 {[%emt 0:01:30]} Nf5 {[%emt 0:01:30]} 50. Ra5 {[%emt 0:01:30]} Kd5 {[%emt 0:00:30]} 51. Ra4 {[%emt 0:00:30]} Kc6 {[%emt 0:06:30]} 52. Kh2 {[%emt 0:01:30]} Kb5 {[%emt 0:02:30]} 53. Re4 {[%emt 0:01:30]} Bd4 {[%emt 0:00:30]} 54. Re8 {[%emt 0:00:30]} Kc4 {[%emt 0:01:30]} 55. Rf8 {[%emt 0:01:14]} Nh4 {[%emt 0:00:30]} 56. Rf7 {[%emt 0:01:39]} Kd3 {[%emt 0:00:30]} 57. Re7 {[%emt 0:00:29]} Bf2 {[%emt 0:06:30]} 58. Rh7 {[%emt 0:02:04]} Ke2 {[%emt 0:01:30]} 59. Rxh6 {[%emt 0:00:31]} Kf1 {[%emt 0:02:30]} 60. Rh5 {[%emt 0:00:28]} Bg3+ {[%emt 0:02:30]} 61. Kh1 {[%emt 0:00:09]} Nxg2 {[%emt 0:00:30]} 62. Rxg5 {[%emt 0:00:19]} Nh4 {[%emt 0:00:30]} 63. Ra5 {[%emt 0:04:21]} Nxf3 {[%emt 0:00:00]} 64. Ra4 {[%emt 0:01:44]} Ne5 {[%emt 0:07:11]} 65. h4 {[%emt 0:03:44]} Ng4 {[%emt 0:02:14]} 66. Ra1+ {[%emt 0:00:29]} Be1 {[%emt 0:01:02]} 67. Ra4 {[%emt 0:01:38]} Bd2 {[%emt 0:03:58]} 68. h5 {[%emt 0:03:02]} Ke2 {[%emt 0:00:08]} 69. Re4+ {[%emt 0:03:20]} Be3 {[%emt 0:00:21]} 70. h6 {[%emt 0:02:07]} Nf2+ {[%emt 0:00:07]} 0-1

[Event "ESTCC 65 2019"]
[Site "Mali Losinj"]
[Date "2019.09.23"]
[Round "6.3"]
[White "Zhelnin, Vladimir V"]
[Black "Mueller, Gerhard"]
[Result "1-0"]
[WhiteElo "2406"]
[BlackElo "2104"]
[Annotator "TA"]
[PlyCount "61"]
[EventDate "2019.09.18"]
[EventType "team-tourn"]
[EventCountry "CRO"]
[SourceTitle "playchess.com"]
[Source "ChessBase"]
[SourceQuality "1"]
[WhiteTeam "Russia"]
[BlackTeam "Germany"]
[WhiteTeamCountry "RUS"]
[BlackTeamCountry "GER"]

{[%evp 19,103,36,34,14,0,0,0,0,0,-30,-29,-39,-5,-19,-19,-45,-26,-23,0,0,0,0,0,-11,0,0,0,0,0,0,0,-16,-16,-14,-15,-14,-9,-43,0,0,8,3,104,115,100,117,112,110,96,74,73,73,113,50,95,105,109,78,64,37,39,10,18,24,68,1,102,116,143,168,156,172,190,227,371,0,172,0,433,304,527,494,1587,402,12850,12850]} 1. e4 c5 2. Nf3 d6 3. Bb5+ Bd7 4. Bxd7+ Qxd7 5. c4 Nc6 6. d4 cxd4 7. Nxd4 Nf6 8. Nc3 g6 9. f3 Nxd4 10. Qxd4 Bg7 11. Bd2 {B52: Sicilian: Moscow Variation with 3...Bd7} (11. O-O O-O 12. Qd3 Rac8 13. Be3 a6 14. Rac1 Rc6 15. b3 e6 16. Rfd1 Qe7 17. Bf4 Rd8 18. a4 Qc7 19. Kh1 Nd7 20. Ne2 Ne5 21. Qd2 Qb8 {1-0 (48) Rozentalis,E (2567)-Brkic,A (2579) Austria 2017}) 11... O-O 12. Rc1 $146 ({Predecessor:} 12. Qd3 a6 13. O-O Rac8 14. Rac1 Rfd8 15. Rfd1 Qc6 16. b3 Kf8 17. Be3 Nd7 18. Kh1 Re8 {1-0 (57) Gufeld,E-Ribli,Z Camaguey 1974}) 12... a6 13. Qd3 {The position is equal.} b5 14. cxb5 axb5 15. a3 Rab8 16. Nd1 Rfc8 17. Rxc8+ Rxc8 18. O-O d5 19. e5 $1 {[%cal Re5f6]} Ne8 20. f4 e6 21. Nc3 Rb8 22. Na2 Rc8 23. Nc3 Rb8 24. Ne2 Bf8 25. Rc1 b4 26. axb4 Bxb4 27. Be3 Be7 28. b3 Ng7 ({Better is} 28... Qb7 $15) 29. g4 $11 h5 30. h3 Qb5 (30... Rc8 $11 {remains equal.}) 31. Qxb5 {Played: Rc1-c8} 1-0

[Event "ESTCC 65 2019"]
[Site "Mali Losinj"]
[Date "2019.09.23"]
[Round "6.4"]
[White "Thoele, Wolfgang"]
[Black "Pushkov, Nikolai"]
[Result "1/2-1/2"]
[WhiteElo "1865"]
[BlackElo "2261"]
[Annotator "NA"]
[PlyCount "99"]
[EventDate "2019.09.18"]
[EventType "team-tourn"]
[EventCountry "CRO"]
[SourceTitle "playchess.com"]
[Source "ChessBase"]
[SourceQuality "1"]
[WhiteTeam "Germany"]
[BlackTeam "Russia"]
[WhiteTeamCountry "GER"]
[BlackTeamCountry "RUS"]
[TimeControl "40/5400+30:1800+30"]

1. e4 {[%emt 0:00:30]} e6 {[%emt 0:00:30]} 2. d4 {[%emt 0:00:00]} d5 {[%emt 0:00:00]} 3. exd5 {[%emt 0:00:00]} exd5 {[%emt 0:00:00]} 4. Nf3 {[%emt 0:00:30]} Nf6 {[%emt 0:00:30]} 5. Bg5 {[%emt 0:00:30]} Be7 {[%emt 0:00:00]} 6. Be2 {[%emt 0:00:30]} Bf5 {[%emt 0:02:00]} 7. O-O {[%emt 0:01:30]} O-O {[%emt 0:00:00]} 8. Nbd2 {[%emt 0:00:30]} Nbd7 {[%emt 0:02:00]} 9. Re1 {[%emt 0:00:30]} Re8 {[%emt 0:00:30]} 10. Nf1 {[%emt 0:01:30]} h6 {[%emt 0:00:30]} 11. Bxf6 {[%emt 0:04:30]} Bxf6 {[%emt 0:00:30]} 12. Ne3 {[%emt 0:00:30]} Be4 {[%emt 0:02:30]} 13. c3 {[%emt 0:01:30]} c6 {[%emt 0:01:30]} 14. Bd3 {[%emt 0:00:30]} g6 {[%emt 0:00:30]} 15. Bxe4 {[%emt 0:01:30]} Rxe4 {[%emt 0:05:30]} 16. Nd2 {[%emt 0:01:30]} Re8 {[%emt 0:05:30]} 17. Qc2 {[%emt 0:05:30]} h5 {[%emt 0:03:30]} 18. Nef1 {[%emt 0:02:30]} Qb6 {[%emt 0:01:30]} 19. Nf3 {[%emt 0:00:30]} Nf8 {[%emt 0:07:30]} 20. Rxe8 {[%emt 0:03:30]} Rxe8 {[%emt 0:00:30]} 21. Re1 {[%emt 0:00:30]} Rd8 {[%emt 0:00:30]} 22. N1d2 {[%emt 0:03:30]} Kg7 {[%emt 0:01:30]} 23. g3 {[%emt 0:06:30]} Ne6 {[%emt 0:01:30]} 24. b4 {[%emt 0:09:30]} a5 {[%emt 0:03:30]} 25. a3 {[%emt 0:01:30]} axb4 {[%emt 0:04:30]} 26. axb4 {[%emt 0:00:30]} Qa6 {[%emt 0:01:30]} 27. Ne5 {[%emt 0:02:30]} Bxe5 {[%emt 0:04:30]} 28. Rxe5 {[%emt 0:00:30]} Qa1+ {[%emt 0:00:30]} 29. Kg2 {[%emt 0:00:30]} Ra8 {[%emt 0:01:30]} 30. Nb3 {[%emt 0:05:30]} Qa4 {[%emt 0:04:30]} 31. Re1 {[%emt 0:01:30]} Qb5 {[%emt 0:00:00]} 32. Nc5 {[%emt 0:05:30]} Nxc5 {[%emt 0:01:00]} 33. bxc5 {[%emt 0:00:30]} Ra3 {[%emt 0:05:30]} 34. Qd2 {[%emt 0:04:30]} Qa5 {[%emt 0:01:30]} 35. Rc1 {[%emt 0:00:30]} b6 {[%emt 0:02:30]} 36. cxb6 {[%emt 0:01:30]} Qxb6 {[%emt 0:00:30]} 37. Qe3 {[%emt 0:00:30]} Qc7 {[%emt 0:00:30]} 38. Qe8 {[%emt 0:02:30]} Qd6 {[%emt 0:01:30]} 39. Qe3 {[%emt 0:05:30]} Qe6 {[%emt 0:02:30]} 40. Re1 {[%emt 0:01:30]} Qf5 {[%emt 0:01:30]} 41. Qd2 {[%emt 0:32:30]} Qf6 {[%emt 0:34:30]} 42. Re3 {[%emt 0:00:30]} Ra1 {[%emt 0:01:30]} 43. Qb2 {[%emt 0:00:30]} Ra7 {[%emt 0:02:30]} 44. Qb6 {[%emt 0:05:57]} Ra2 {[%emt 0:01:30]} 45. Rf3 {[%emt 0:00:03]} Qe6 {[%emt 0:00:00]} 46. Qb7 {[%emt 0:00:30]} Re2 {[%emt 0:01:00]} 47. h4 {[%emt 0:11:43]} Re1 {[%emt 0:03:30]} 48. Qc7 {[%emt 0:02:12]} Re4 {[%emt 0:00:30]} 49. Rf4 {[%emt 0:02:27]} Re1 {[%emt 0:02:30]} 50. Rf3 {[%emt 0:00:25]} 1/2-1/2

[Event "ESTCC 65 2019"]
[Site "Mali Losinj"]
[Date "2019.09.23"]
[Round "6.5"]
[White "Rantanen, Yrjo A."]
[Black "Werner, Clemens"]
[Result "1-0"]
[WhiteElo "2309"]
[BlackElo "2286"]
[Annotator "NA"]
[PlyCount "53"]
[EventDate "2019.09.18"]
[EventType "team-tourn"]
[EventCountry "CRO"]
[SourceTitle "playchess.com"]
[Source "ChessBase"]
[SourceQuality "1"]
[WhiteTeam "Finland"]
[BlackTeam "Germany"]
[WhiteTeamCountry "FIN"]
[BlackTeamCountry "GER"]
[TimeControl "40/5400+30:1800+30"]

1. e4 {[%emt 0:00:30]} c6 {[%emt 0:00:30]} 2. d4 {[%emt 0:00:00]} d5 {[%emt 0:00:00]} 3. exd5 {[%emt 0:00:00]} cxd5 {[%emt 0:00:00]} 4. c4 {[%emt 0:00:00]} Nf6 {[%emt 0:00:30]} 5. Nc3 {[%emt 0:00:00]} g6 {[%emt 0:00:00]} 6. cxd5 {[%emt 0:00:30]} Nxd5 {[%emt 0:00:00]} 7. Qb3 {[%emt 0:00:30]} Nb6 {[%emt 0:00:30]} 8. Nf3 {[%emt 0:02:30]} Bg7 {[%emt 0:02:30]} 9. Bb5+ {[%emt 0:00:30]} N8d7 {[%emt 0:04:30]} 10. a4 {[%emt 0:04:30]} a6 {[%emt 0:03:30]} 11. Be2 {[%emt 0:02:30]} a5 {[%emt 0:01:30]} 12. Bf4 {[%emt 0:07:30]} O-O {[%emt 0:07:30]} 13. Nb5 {[%emt 0:01:30]} Nf6 {[%emt 0:01:30]} 14. Bc7 {[%emt 0:13:30]} Qd5 {[%emt 0:00:30]} 15. Qe3 {[%emt 0:13:30]} Qc6 {[%emt 0:14:30]} 16. Rc1 {[%emt 0:16:30]} Nbd5 {[%emt 0:00:30]} 17. Rxc6 {[%emt 0:01:30]} Nxe3 {[%emt 0:00:30]} 18. Rxf6 {[%emt 0:00:30]} Nxg2+ {[%emt 0:07:30]} 19. Kf1 {[%emt 0:00:30]} Bxf6 {[%emt 0:02:30]} 20. Kxg2 {[%emt 0:00:30]} Bf5 {[%emt 0:02:30]} 21. Nd2 {[%emt 0:04:30]} Bc2 {[%emt 0:02:30]} 22. b3 {[%emt 0:01:30]} Ra6 {[%emt 0:14:30]} 23. Bf3 {[%emt 0:03:30]} Bg5 {[%emt 0:02:30]} 24. Bxb7 {[%emt 0:02:30]} Re6 {[%emt 0:02:30]} 25. Nf3 {[%emt 0:00:30]} Bh6 {[%emt 0:01:30]} 26. Bd5 {[%emt 0:01:30]} Ra6 {[%emt 0:00:30]} 27. Re1 {[%emt 0:00:30]} 1-0

[Event "ESTCC 65 2019"]
[Site "Mali Losinj"]
[Date "2019.09.23"]
[Round "6.6"]
[White "Kierzek, Matthias"]
[Black "Westerinen, Heikki M.J."]
[Result "1/2-1/2"]
[WhiteElo "2186"]
[BlackElo "2296"]
[Annotator "NA"]
[PlyCount "52"]
[EventDate "2019.09.18"]
[EventType "team-tourn"]
[EventCountry "CRO"]
[SourceTitle "playchess.com"]
[Source "ChessBase"]
[SourceQuality "1"]
[WhiteTeam "Germany"]
[BlackTeam "Finland"]
[WhiteTeamCountry "GER"]
[BlackTeamCountry "FIN"]
[TimeControl "40/5400+30:1800+30"]

1. d4 {[%emt 0:00:30]} Nf6 {[%emt 0:00:30]} 2. c4 {[%emt 0:00:00]} g6 {[%emt 0:00:30]} 3. Nc3 {[%emt 0:00:00]} Bg7 {[%emt 0:00:30]} 4. e4 {[%emt 0:00:00]} d6 {[%emt 0:00:30]} 5. Be2 {[%emt 0:00:00]} O-O {[%emt 0:01:30]} 6. Bg5 {[%emt 0:00:30]} c5 {[%emt 0:07:30]} 7. d5 {[%emt 0:00:30]} e6 {[%emt 0:03:30]} 8. Nf3 {[%emt 0:00:30]} exd5 {[%emt 0:00:30]} 9. cxd5 {[%emt 0:00:30]} Bg4 {[%emt 0:13:30]} 10. O-O {[%emt 0:06:30]} Nbd7 {[%emt 0:04:30]} 11. Nd2 {[%emt 0:02:30]} Bxe2 {[%emt 0:00:30]} 12. Qxe2 {[%emt 0:00:00]} a6 {[%emt 0:03:30]} 13. a4 {[%emt 0:08:00]} Re8 {[%emt 0:03:30]} 14. f4 {[%emt 0:04:30]} Qc7 {[%emt 0:06:30]} 15. Qd3 {[%emt 0:21:30]} c4 {[%emt 0:06:30]} 16. Qf3 {[%emt 0:03:30]} b5 {[%emt 0:14:30]} 17. Kh1 {[%emt 0:04:30]} Rab8 {[%emt 0:11:48]} 18. axb5 {[%emt 0:06:30]} axb5 {[%emt 0:00:31]} 19. Ra6 {[%emt 0:00:30]} Rb6 {[%emt 0:01:29]} 20. Rfa1 {[%emt 0:00:30]} Nc5 {[%emt 0:05:15]} 21. Rxb6 {[%emt 0:01:30]} Qxb6 {[%emt 0:00:04]} 22. e5 {[%emt 0:01:30]} Nd3 {[%emt 0:00:58]} 23. exf6 {[%emt 0:04:30]} Nf2+ {[%emt 0:00:41]} 24. Kg1 {[%emt 0:00:30]} Ng4+ {[%emt 0:04:06]} 25. Kh1 {[%emt 0:00:00]} Nf2+ {[%emt 0:00:43]} 26. Kg1 {[%emt 0:00:00]} Ng4+ {[%emt 0:01:48]} 1/2-1/2